00628cam a22001817a 4500008004000000020001500040082001200055245010500067260002800172300001000200650003100210650002400241650003000265700002400295700002500319999001900344952008300363180718b2001 xxu||||| |||| 00| 0 eng d a8122006019 aB2 P192 aPolitical reforms: asserting civic sovereigntycedited by V.A. Pai Panandiker and Subhash C. Kashyap aNew DelhibKonarkc2001 a362p. aPolitical parties - India. aCitizenship - India aPolitical science - India aKashyap, Subhash C. aPai Panandiker, V.A. c396263d396263 00104070aIIPAbIIPAd2001-03-13oB2 P192p76536r2018-07-21w2018-07-21yBK